| 000 | 00334nam a2200133Ia 4500 | ||
|---|---|---|---|
| 005 | 20251222143247.0 | ||
| 008 | 251222s9999||||xx |||||||||||||| ||spa|| | ||
| 020 | _a84-7490-456-X | ||
| 082 | _a234/A45 | ||
| 100 | _aAlonso González, Luis José | ||
| 245 | 0 | _aJesucristo, Hijo de Dios y Salvador | |
| 264 | _bEncuentro | ||
| 942 | _cLIB | ||
| 999 |
_c14794 _d14794 |
||